Library Banner

Al Islam/ (Record no. 96653)

MARC details
000 -LEADER
fixed length control field 00367nam a22001457a 4500
005 - DATE AND TIME OF LATEST TRANSACTION
control field 20170808092610.0
008 - FIXED-LENGTH DATA ELEMENTS--GENERAL INFORMATION
fixed length control field 170808b xxu||||| |||| 00| 0 eng d
040 ## - CATALOGING SOURCE
Transcribing agency PK-LaUMT
082 ## - DEWEY DECIMAL CLASSIFICATION NUMBER
Classification number ZIAC 297
Item number ABU-A
100 ## - MAIN ENTRY--PERSONAL NAME
Personal name Abul Ala Maudoodi
245 ## - TITLE STATEMENT
Title Al Islam/
Statement of responsibility, etc Abul Ala Maudoodi
260 ## - PUBLICATION, DISTRIBUTION, ETC. (IMPRINT)
Place of publication, distribution, etc کویت:
Name of publisher, distributor, etc دارالقلم،
Date of publication, distribution, etc 1974
300 ## - PHYSICAL DESCRIPTION
Extent 284 ص
942 ## - ADDED ENTRY ELEMENTS (KOHA)
Koha item type Books
Holdings
Withdrawn status Lost status Damaged status Home library Current library Date acquired Full call number Barcode Date last seen Price effective from Koha item type
      UMT Main Campus UMT Main Campus 2017-08-08 ZIAC 297 ABU-A 112312 2017-08-08 2017-08-08 Books